Countries with one Tripoint only (point where 3 countries meet) - Statistics

General Stats
  • This quiz has been taken 145 times
  • The average score is 12 of 21
Answer Stats
COUNTRY % Correct
Sweden
73%
Estonia
71%
Belize
70%
Netherlands
70%
Yemen
70%
North Korea
68%
Ecuador
67%
Mexico
67%
El Salvador
65%
Uruguay
65%
Kuwait
62%
Honduras
57%
Morocco
52%
United Arab Emirates
51%
Bangladesh
50%
Tunisia
48%
Lebanon
46%
Egypt
44%
Guinea-Bissau
40%
Equatorial Guinea
33%
Sierra Leone
33%
No matching quizzes found
Score Distribution
Percent of People with Each Score
Percentile by Number Answered
Your Score History
You have not taken this quiz